Statistics for Solve the Secret Country Flag

Click here to take the quiz!

General Stats

  • This quiz has been taken 4,115 times
  • The average score is 14 of 17

Answer Stats

FlagCountry% Correct
United Kingdom
100%
Spain
99%
South Korea
98%
Iceland
96%
Uruguay
93%
Papua New Guinea
82%
CROATIA
78%
Portugal
76%
Saudi Arabia
76%
Libya
75%
Bhutan
72%
Canada
71%
Venezuela
71%
Zimbabwe
70%
Bahamas
67%
DR Congo
66%
Brunei
64%

Score Distribution

Percentile by Number Answered

Percent of People with Each Score

Your Score History

You have not taken this quiz